书目信息 |
| 题名: |
边疆的目光
|
|
| 作者: | 韩子勇 著 | |
| 分册: | ||
| 出版信息: | 乌鲁木齐 新疆青少年出版社 2007.03 |
|
| 页数: | 238页 | |
| 开本: | 20cm | |
| 丛书名: | ||
| 单 册: | ||
| 中图分类: | I206.7 | |
| 科图分类: | ||
| 主题词: | 文学--中国 | |
| 电子资源: | ||
| ISBN: | 978-7-5371-2103-3 | |
| 000 | 00637nam0 2200229 45 | |
| 001 | 0945366501 | |
| 005 | 20091105123740.92 | |
| 010 | @a978-7-5371-2103-3@dCNY29.38 | |
| 100 | @a20090515d2007 ekmy0 y0120 ea | |
| 102 | @aCN@b130000 | |
| 102 | @aCN@b650000 | |
| 105 | @ay z 000yy | |
| 200 | 1 | @a边疆的目光@Abian jiang de mu guang@f韩子勇著@Fhan zi yong zhu |
| 210 | @a乌鲁木齐@c新疆青少年出版社@d2007.03 | |
| 210 | @c新疆青少@d2007.03 | |
| 215 | @a238页@d20cm | |
| 606 | 0 | @a文学@x中国 |
| 690 | @aI206.7@v4 | |
| 701 | 0 | @a韩子勇@Ahan zi yong@4著 |
| 801 | 0 | @aCN@c20091105 |
| 905 | @a10447@dI206.7@eH1001 | |
| 906 | @d147@n3@r1 | |
| 边疆的目光/韩子勇著.-乌鲁木齐:新疆青少年出版社,2007.03.-新疆青少,2007.03 |
| 238页;20cm |
| ISBN 978-7-5371-2103-3:CNY29.38 |
| ● |
| 相关链接 |
|
|
|
正题名:边疆的目光
索取号:I206.7/H1001
 
预约/预借
| 序号 | 登录号 | 条形码 | 馆藏地/架位号 | 状态 | 备注 |
| 1 | 655358 | 206553585 | 文学库108/108文学库 6排5列2层/ [索取号:I206.7/H1001] | 在馆 | |
| 2 | 655359 | 206553594 | 文学库108/108文学库 6排5列2层/ [索取号:I206.7/H1001] | 在馆 | |
| 3 | 655360 | 206553601 | 文学库108/108文学库 6排5列2层/ [索取号:I206.7/H1001] | 在馆 |